School of Visual Arts : the First Forty Years : 1947-1987 /

Guardado en:
Bibliografiske detaljer
Institution som forfatter: School of Visual Arts
Andre forfattere: Rhodes, Silas H. (edición) (edición)
Format: Bog
Sprog:engelsk
Udgivet: Nueva York, EUA : School of Visual Arts Press, 1986, c1986
Tags: Tilføj Tag
Ingen Tags, Vær først til at tagge denne postø!

MARC

LEADER 00000nam^a2200000^a^4500
001 000584122
005 20250526000000.0
009 20260310132703.121
037 |a Acervo ITESO - Biblioteca 
041 |a ING 
091 |a FCO. 00709 
110 |a School of Visual Arts 
245 1 0 |a School of Visual Arts :  |b the First Forty Years : 1947-1987 / 
264 4 |a Nueva York, EUA :  |b School of Visual Arts Press,  |c 1986, c1986 
300 |a [104] p. ;  |c 29.5 cm. 
336 |a texto  |b txt  |2 rdacontenido 
337 |a sin mediación  |b n  |2 rdamedio 
338 |a volumen  |b nc  |2 rdasoporte 
649 |a XX 
700 |a Rhodes, Silas H.  |e (edición) 
910 |a Fondo Erich Coufal Kieswetter 
920 |a Impresos - Libros 
930 |a Libros Antiguos y Raros 
905 |a 142 
901 |a 0500412329  |b IT2  |c LRA  |i D  |u 20250526 
902 |a https://opac.biblio.iteso.mx/vufind/Record/000584122